Histoire de France par lettre - V - Statistiques

Statistiques générales
  • Ce quiz a été pris 17 663 fois
  • Le résultat moyen est 13 sur 20
Statistiques - réponses
Indices Réponses % Correct
Louis XIV y fit changer un modeste pavillon de chasse en l'un des plus beaux palais du monde Versailles
96%
Capitale de l'Etat français de 1940 à 1944 Vichy
93%
Figure politique rendue célèbre par ses engagements pour le droit à l'avortement, l'Europe, de meilleures conditions de détention et la mémoire des victimes de l'Holocauste Simone Veil
91%
Il parvint à fédérer une partie des peuples gaulois contre Jules César Vercingétorix
91%
Nom d'usage du philosophe des Lumières François-Marie Arouet Voltaire
91%
De février à décembre 1916, bataille marquante de la Grande Guerre en Lorraine Verdun
90%
Artiste et inventeur toscan accueilli en France par François Ier et décédé au Clos Lucé en 1519 Léonard de Vinci
83%
Celui de Soissons est associé au règne de Clovis (et Jonathan Cohen) Vase
77%
Il était divisé en Tonkin, Annam et Cochinchine à l'époque de sa colonisation par la France Viêt Nam
71%
Prince des poètes symboliques qui blessa Rimbaud d'un coup de revolver en 1873 Paul Verlaine
60%
Ministre des affaires étrangères puis Premier ministre, il s'est opposé à l'invasion de l'Irak en 2003 Dominique de Villepin
58%
On lui doit notamment les citadelles et fortifications de Mont-Louis, Briançon ou encore Villefranche-de-Conflent Vauban
56%
Louis XVI et sa famille, en fuite, y sont arrêtés le 22 juin 1791 Varennes
55%
Auteur français le plus traduit en langues étrangères parfois considéré comme le père de la science fiction Jules Verne
45%
Archipel mélanésien aujourd'hui indépendant administré conjointement par la France et le Royaume-Uni de 1904 à 1980 Vanuatu
44%
Branche cadette des capétiens sur le trône de 1328 à 1589 Valois
43%
Poète pacifiste dont Le Déserteur s'oppose à la guerre d'Indochine Boris Vian
40%
Une guerre civile entre royalistes et républicains s'y déroula de 1793 à 1796 Vendée
37%
Première victoire décisive française dans le cadre des guerres de la Révolution, en 1792 Valmy
25%
Commune de l'Aisne où fut signée en 1539 une ordonnance faisant du français la langue de l'administration du royaume Villers-Cotterêts
24%
Aucun quiz correspondant
Distribution des résultats
% des personnes avec chaque résultat
Percentile par nombre de réponses
Votre historique - résultats
Vous n’avez pas pris ce quiz